01692nam a22002537a 450000500170000000800410001702000150005804000090007304100080008208200220009010000210011224500500013326000450018330000280022836500330025652008990028965000260118865000340121465000280124870000230127694200120129999900190131195201080133020220323113901.0220323b ||||| |||| 00| 0 eng d a0195656490 cAloy aeng 223a954.035bNANI aB R Nanda925269 aIn search of Gandhi: bEssays and reflections aNew DelhibOxford University Pressc2002 ax,270 p.bHBc22x14 cm. 2Historyb595.00c₹d595.00 aThis volume presents twenty-nine essays that encompass the author’s reflections on various facets of Mahatma Gandhi’s life and thought. These essays were products of research which started on that fateful winter evening of 30 January 1948 and were written on different occasions, and with varied themes, length, and depth. They were designed to respond to the interest of the particular audience for which they were written. The essays explore Gandhi’s fight for Indian freedom in South Africa and evaluate the influence of the South African movement in his political career in India. They also mention several attempts made in his life, and describe his relationship with various issues and personalities including racialism, Pan-Islamism, Swami Vivekananda, and Charles Andrews. The reception of Gandhi’s ideas, his accomplishments, and his legacies are also examined in these essays. aIndian History925258 aEssyas and Reflections925259 aGandhi and Nehru925260 aNANDA (B R)925261 2ddccGF c221999d221999 00102ddc40708HISaALbALd2013-03-24l0o954.035 NANIpGF03861r2022-03-23 00:00:00w2022-03-23yGF